Phân tích thị trường tài chính
Giới thiệu thị trường tài chính. Phân tích và định giá chứng khoán. Phân tích quản lý danh mục chứng khoán đầu tư và thủ tục thực hiện. Bổ sung, các trường hợp nghiên cứu.
Bewaard in:
| Hoofdauteur: | |
|---|---|
| Formaat: | Boek |
| Taal: | Undetermined |
| Gepubliceerd in: |
Hà Nội
Thống kê
2001
|
| Onderwerpen: | |
| Tags: |
Voeg label toe
Geen labels, Wees de eerste die dit record labelt!
|
| Thư viện lưu trữ: | Trung tâm Học liệu Trường Đại học Cần Thơ |
|---|
| LEADER | 00905nam a2200205Ia 4500 | ||
|---|---|---|---|
| 001 | CTU_95052 | ||
| 008 | 210402s9999 xx 000 0 und d | ||
| 020 | |c 90000 | ||
| 082 | |a 332.642 | ||
| 082 | |b B636 | ||
| 100 | |a Blake, David | ||
| 245 | 0 | |a Phân tích thị trường tài chính | |
| 245 | 0 | |c David Blake; Dịch giả Thái Việt, Minh Khương, Tùng Lâm; Vũ Trọng Khải hiệu đính | |
| 260 | |a Hà Nội | ||
| 260 | |b Thống kê | ||
| 260 | |c 2001 | ||
| 520 | |a Giới thiệu thị trường tài chính. Phân tích và định giá chứng khoán. Phân tích quản lý danh mục chứng khoán đầu tư và thủ tục thực hiện. Bổ sung, các trường hợp nghiên cứu. | ||
| 650 | |a Bank marketing,Stock exchanges | ||
| 904 | |i Trúc | ||
| 980 | |a Trung tâm Học liệu Trường Đại học Cần Thơ | ||